<?xml version="1.0" encoding="UTF-8"?>
<record
    xmlns:xsi="http://www.w3.org/2001/XMLSchema-instance"
    xsi:schemaLocation="http://www.loc.gov/MARC21/slim http://www.loc.gov/standards/marcxml/schema/MARC21slim.xsd"
    xmlns="http://www.loc.gov/MARC21/slim">

  <leader>00980nam a2200229 a 4500</leader>
  <controlfield tag="001">69200</controlfield>
  <controlfield tag="003">BD-RjUL</controlfield>
  <controlfield tag="005">20211209081847.0</controlfield>
  <controlfield tag="008">170410s1992    ii a|||| b||| 00| 0 ben d</controlfield>
  <datafield tag="035" ind1=" " ind2=" ">
    <subfield code="a">(BD-RjUL)69411</subfield>
  </datafield>
  <datafield tag="040" ind1=" " ind2=" ">
    <subfield code="a">BD-RjUL</subfield>
    <subfield code="b">eng</subfield>
    <subfield code="c">BD-RjUL</subfield>
  </datafield>
  <datafield tag="041" ind1=" " ind2=" ">
    <subfield code="a">eng</subfield>
  </datafield>
  <datafield tag="082" ind1=" " ind2=" ">
    <subfield code="2">23</subfield>
    <subfield code="a">530.44</subfield>
    <subfield code="b">GOP 1992</subfield>
  </datafield>
  <datafield tag="100" ind1=" " ind2=" ">
    <subfield code="a">&#x997;&#x9CB;&#x9B8;&#x9CD;&#x9AC;&#x9BE;&#x9AE;&#x9C0;, &#x9B8;&#x9A4;&#x9CD;&#x9AF;&#x9C7;&#x9A8;&#x9CD;&#x9A6;&#x9CD;&#x9B0;&#x9A8;&#x9BE;&#x9A5;</subfield>
    <subfield code="9">205023</subfield>
  </datafield>
  <datafield tag="245" ind1=" " ind2=" ">
    <subfield code="a">&#x9AA;&#x9CD;&#x9B2;&#x9BE;&#x99C;&#x9AE;&#x9BE; &#x9AA;&#x9A6;&#x9BE;&#x9B0;&#x9CD;&#x9A5;&#x9AC;&#x9BF;&#x99C;&#x9CD;&#x99E;&#x9BE;&#x9A8; /</subfield>
    <subfield code="c">&#x9B8;&#x9A4;&#x9CD;&#x9AF;&#x9C7;&#x9A8;&#x9CD;&#x9A6;&#x9CD;&#x9B0;&#x9A8;&#x9BE;&#x9A5; &#x997;&#x9CB;&#x9B8;&#x9CD;&#x9AC;&#x9BE;&#x9AE;&#x9C0;</subfield>
  </datafield>
  <datafield tag="260" ind1=" " ind2=" ">
    <subfield code="a">&#x995;&#x9B2;&#x9BF;&#x995;&#x9BE;&#x9A4;&#x9BE; :</subfield>
    <subfield code="b">&#x9AA;&#x9B6;&#x9CD;&#x99A;&#x9BF;&#x9AE;&#x9AC;&#x999;&#x9CD;&#x997; &#x9B0;&#x9BE;&#x99C;&#x9CD;&#x9AF; &#x9AA;&#x9C1;&#x9B8;&#x9CD;&#x9A4;&#x995; &#x9AA;&#x9B0;&#x9CD;&#x9B7;&#x9A6;,</subfield>
    <subfield code="c">&#x9E7;&#x9EF;&#x9EF;&#x9E8;.</subfield>
  </datafield>
  <datafield tag="300" ind1=" " ind2=" ">
    <subfield code="a">x, &#x9E7;&#x9EA;&#x9ED; &#x9AA;&#x9C3;. :</subfield>
    <subfield code="b">&#x99A;&#x9BF;&#x9A4;&#x9CD;&#x9B0; ;</subfield>
    <subfield code="c">&#x9E8;&#x9E6; &#x9B8;&#x9C7;&#x9AE;&#x9BF;.</subfield>
  </datafield>
  <datafield tag="504" ind1=" " ind2=" ">
    <subfield code="a">&#x997;&#x9CD;&#x9B0;&#x9A8;&#x9CD;&#x9A5;&#x9AA;&#x99E;&#x9CD;&#x99C;&#x9BF; &#x9B8;&#x982;&#x9AF;&#x9C1;&#x995;&#x9CD;&#x9A4;&#x964;</subfield>
  </datafield>
  <datafield tag="650" ind1=" " ind2=" ">
    <subfield code="a">&#x9AA;&#x9CD;&#x9B2;&#x9BE;&#x99C;&#x9AE;&#x9BE; &#x9AA;&#x9A6;&#x9BE;&#x9B0;&#x9CD;&#x9A5;&#x9AC;&#x9BF;&#x9A6;&#x9CD;&#x9AF;&#x9BE;  </subfield>
    <subfield code="9">205024</subfield>
  </datafield>
  <datafield tag="650" ind1=" " ind2=" ">
    <subfield code="a">Plasma physics.</subfield>
    <subfield code="9">205025</subfield>
  </datafield>
  <datafield tag="942" ind1=" " ind2=" ">
    <subfield code="2">ddc</subfield>
    <subfield code="c">BK</subfield>
  </datafield>
  <datafield tag="999" ind1=" " ind2=" ">
    <subfield code="c">69200</subfield>
    <subfield code="d">69200</subfield>
  </datafield>
  <datafield tag="952" ind1=" " ind2=" ">
    <subfield code="0">0</subfield>
    <subfield code="1">0</subfield>
    <subfield code="2">ddc</subfield>
    <subfield code="4">0</subfield>
    <subfield code="7">1</subfield>
    <subfield code="8">NFIC</subfield>
    <subfield code="a">RUCL</subfield>
    <subfield code="b">RUCL</subfield>
    <subfield code="c">Reading</subfield>
    <subfield code="d">1996-11-16</subfield>
    <subfield code="e">Dhaka Royal Int.</subfield>
    <subfield code="g">32.50</subfield>
    <subfield code="l">0</subfield>
    <subfield code="o">B 530.44 GOP 1992</subfield>
    <subfield code="r">2017-04-10 00:00:00</subfield>
    <subfield code="t">C-1</subfield>
    <subfield code="w">2021-12-09</subfield>
    <subfield code="y">BK</subfield>
  </datafield>
</record>
